Paroles - Chanson pour Pierrot - Renaud - Statistiques

Statistiques générales
  • Ce quiz a été pris 19 fois
  • Le résultat moyen est 171 sur 289
Statistiques - réponses
Paroles % Correct
Pierrot
100%
mon
94%
tu
94%
Tu
94%
un
94%
dans
88%
Dans
88%
de
88%
en
88%
la
88%
ma
88%
poteau
88%
te
88%
à
82%
je
82%
82%
Ne
82%
pas
82%
T'es
82%
t'es
82%
chaud
76%
copain
76%
Le
76%
le
76%
les
76%
m'tiens
76%
une
76%
frangin
71%
mais
71%
Mais
71%
que
71%
rue
71%
au
65%
Au
65%
enfant
65%
et
65%
gosse
65%
sur
65%
ta
65%
tête
65%
tout
65%
ce
59%
des
59%
d'salaud
59%
59%
ou
59%
peau
59%
quand
59%
rien
59%
bien
53%
ça
53%
jour
53%
l'ruisseau
53%
mère
53%
on
53%
cherche
47%
coin
47%
fond
47%
j'ai
47%
mes
47%
perdu
47%
seul
47%
ton
47%
tous
47%
vu
47%
misère
41%
toute
41%
vain
41%
fils
35%
ira
35%
jean
35%
l'école
35%
même
35%
planete
35%
qu'dans
35%
qu't'es
35%
s'ra
35%
t'iras
35%
y'a
35%
Allez
29%
avant
29%
bistrot
29%
chemin
29%
connais
29%
construit
29%
déjà
29%
d'être
29%
mobylette
29%
orphelin
29%
paire
29%
p't'être
29%
qu'la
29%
qu'tu
29%
Qu'tu
29%
raison
29%
Santiago
29%
s'ras
29%
t'attends
29%
t'auras
29%
trousseau
29%
trouvé
29%
vexé
29%
viens
29%
vis
29%
bande
24%
cartable
24%
cerveau
24%
débiles
24%
gros
24%
j'connais
24%
j's'rai
24%
j't'ai
24%
j't'apprendrai
24%
j'te
24%
moins
24%
mots
24%
pognes
24%
sens
24%
sois
24%
table
24%
tendresse
24%
trois
24%
trouveras
24%
truande
24%
boire
18%
crève
18%
d'ivrogne
18%
dur
18%
d'venir
18%
football
18%
j'arrête
18%
j'en
18%
jouera
18%
j'piquerai
18%
l'chef
18%
maman
18%
pis
18%
princesse
18%
promis
18%
semaine
18%
tant
18%
t'ramènes
18%
voir
18%
chansons
12%
couteau
12%
m'traitera
12%
ventre
12%
Depuis
6%
depuis
6%
j't'invente
6%
l'temps
6%
rêve
6%
r'filerai
6%
t'lav'ras
6%
Aucun quiz correspondant
Distribution des résultats
% des personnes avec chaque résultat
Percentile par nombre de réponses
Votre historique - résultats
Vous n’avez pas pris ce quiz